5HLuxD.jpg

KING HENRY VIII SENIOR AND PRIMARY SCHOOL LIBRARY OPAC

EARTHQUAKES (Record no. 5885)

000 -LEADER
fixed length control field 00528nam a22001817a 4500
005 - DATE AND TIME OF LATEST TRANSACTION
control field 20251125114820.0
008 - FIXED-LENGTH DATA ELEMENTS--GENERAL INFORMATION
fixed length control field 251125b ||||| |||| 00| 0 eng d
020 ## - INTERNATIONAL STANDARD BOOK NUMBER
International Standard Book Number 9781499426168
040 ## - CATALOGING SOURCE
Transcribing agency KH8
082 ## - DEWEY DECIMAL CLASSIFICATION NUMBER
Classification number 551.22
100 ## - MAIN ENTRY--PERSONAL NAME
Personal name OWENS,MEREDITH
Relator term AUTHOR
245 ## - TITLE STATEMENT
Title EARTHQUAKES
260 ## - PUBLICATION, DISTRIBUTION, ETC.
Place of publication, distribution, etc. 29 East 21st Street,New York,Ny 10010
Name of publisher, distributor, etc. The Rosen Publishing Group
Date of publication, distribution, etc. 2017
300 ## - PHYSICAL DESCRIPTION
Extent 24 pages
Other physical details Colour illustration
Dimensions 18 cm x 21 cm
650 ## - SUBJECT ADDED ENTRY--TOPICAL TERM
Source of heading or term Earthquakes
Topical term or geographic name entry element Juvenile Literature
655 ## - INDEX TERM--GENRE/FORM
Genre/form data or focus term Non Fiction
942 ## - ADDED ENTRY ELEMENTS (KOHA)
Source of classification or shelving scheme
Koha item type Books - Non Ficton
Holdings
Withdrawn status Lost status Source of classification or shelving scheme Damaged status Not for loan Collection code Permanent Location Current Location Shelving location Date acquired Total Checkouts Full call number Barcode Date due Date last seen Date last checked out Price effective from Koha item type Public note
          Non-Fiction KH8 Primary School Library KH8 Primary School Library Non Fiction 2025-11-25 1 551.22 OWE 3KHPL000002257 2026-04-16 2026-04-08 2026-04-08 2025-11-25 Books - Non Ficton PRIMARY LIBRARY

Powered By KH8 IT Dept